Library Banner

From anger to forgiveness (Record no. 25740)

MARC details
000 -LEADER
fixed length control field 00467nam a2200181Ia 4500
001 - CONTROL NUMBER
control field 25571
008 - FIXED-LENGTH DATA ELEMENTS--GENERAL INFORMATION
fixed length control field 140411s9999 xx 000 0 und d
020 ## - INTERNATIONAL STANDARD BOOK NUMBER
International Standard Book Number 0-345-37982-9
040 ## - CATALOGING SOURCE
Transcribing agency PK-LaUMT
082 ## - DEWEY DECIMAL CLASSIFICATION NUMBER
Classification number 152.47
Item number LAR-F
100 ## - MAIN ENTRY--PERSONAL NAME
Personal name Carol Larsen Hegarty
245 ## - TITLE STATEMENT
Title From anger to forgiveness
Statement of responsibility, etc Carol Larsen Hegarty<>Earnie Larsen
260 ## - PUBLICATION, DISTRIBUTION, ETC. (IMPRINT)
Place of publication, distribution, etc New York,USA:
Name of publisher, distributor, etc Bantam Books,
Date of publication, distribution, etc 1992
300 ## - PHYSICAL DESCRIPTION
Extent 194
546 ## - LANGUAGE NOTE
Language note EN
700 ## - ADDED ENTRY--PERSONAL NAME
Personal name Earnie Larsen
942 ## - ADDED ENTRY ELEMENTS (KOHA)
Koha item type Books
Holdings
Withdrawn status Lost status Damaged status Not for loan Home library Current library Date acquired Total Checkouts Full call number Barcode Date last seen Date checked out Price effective from Koha item type
        UMT Main Campus UMT Main Campus 2014-04-11 7 152.47 LAR-F 28824 2025-07-08 2025-06-02 2014-04-24 Books